000 00568nam a2200181 a 4500
005 20230525063536.0
008 991125s1954 mx 000 0 spa u
035 _aUPN01000007831
049 _aLT
050 4 _aLB1585 M6.6
_bL3.4 1954
100 1 _aLeal, Mario
_928969
245 1 0 _aCiencias físicas y naturales :
_bsegundo libro para 5 y 6 años /
_cMario Leal
260 _aMéxico :
_bProgreso,
_c1954.
300 _a366 p.
500 _aDisponible en la Colección Medina
650 4 _aCiencias naturales
_xEstudio y enseñanza (Elemental)
_92812
905 _aLibro
999 _c7831
_d7831